| 000 | 00533nam a2200169 a 4500 | ||
|---|---|---|---|
| 001 | 000033299 | ||
| 005 | 20200930070148.0 | ||
| 008 | 110712q2016 dr 000 0 spa d | ||
| 020 | _a9789945084092 | ||
| 040 |
_aDO-SdBNP _bspa _cBNPHU |
||
| 082 |
_axxx _bxxx |
||
| 100 | 1 |
_aPayano Hernández, Robert _958901 |
|
| 245 | 1 | 0 |
_aEl cristo social / _cRobert Payano Hernández ; revisada y corregida por Leonardo Adames. |
| 260 |
_aSanto Domingo : _bEditora Dalis, _c2016. |
||
| 300 |
_a214 p. ; _c23 cm. |
||
| 700 | 1 | 2 |
_aAdames, Leonardo _958902 |
| 999 |
_c32790 _d32790 |
||